Je lepšie štyri, osem, či dvanásť?
Porovnanie vládneho návrhu s inými alternatívami počtu samosprávnych VÚC. Silné a slabé stránky návrhov. Porovnanie národnostného zloženia.
Salvato in:
| Autore principale: | |
|---|---|
| Natura: | Capitolo di libro |
| Lingua: | slovacco |
| Soggetti: | |
| Tags: |
Nessun Tag, puoi essere il primo ad aggiungerne!!
|
MARC
| LEADER | 00000naa a2200000 4500 | ||
|---|---|---|---|
| 001 | r042181 | ||
| 005 | 20230927092446.5 | ||
| 041 | 0 | |a slo | |
| 044 | |a SK | ||
| 245 | 1 | 0 | |a Je lepšie štyri, osem, či dvanásť? |c Milan Rajčák |
| 520 | |a Porovnanie vládneho návrhu s inými alternatívami počtu samosprávnych VÚC. Silné a slabé stránky návrhov. Porovnanie národnostného zloženia. | ||
| 610 | 2 | 0 | |a členenie územné administratívne |
| 610 | 2 | 0 | |a správa verejná |
| 610 | 2 | 0 | |a vláda |
| 610 | 2 | 0 | |a strany politické |
| 610 | 2 | 0 | |a ukazovatele ekonomické |
| 610 | 2 | 0 | |a ukazovatele sociálne |
| 610 | 2 | 0 | |a regióny |
| 610 | 2 | 0 | |a Slovensko |
| 610 | 2 | 0 | |a okresy |
| 100 | 1 | |a Rajčák, Milan | |